Herbicides and their mechanisms of action (Record no. 42780)
[ view plain ]
| 000 -LEADER | |
|---|---|
| fixed length control field | 00436nam a2200157Ia 4500 |
| 020 ## - INTERNATIONAL STANDARD BOOK NUMBER | |
| ISBN | 1841271098 |
| 082 ## - DEWEY DECIMAL CLASSIFICATION NUMBER | |
| Classification number | 632.954 |
| Item number | COB |
| 100 ## - MAIN ENTRY--AUTHOR NAME | |
| Personal name | Cobb, Andrew H |
| 245 #0 - TITLE STATEMENT | |
| Title | Herbicides and their mechanisms of action |
| 260 ## - PUBLICATION, DISTRIBUTION, ETC. (IMPRINT) | |
| Place of publication | England |
| Name of publisher | Shaffield Academic Press |
| Year of publication | 2000 |
| 650 ## - SUBJECT ADDED ENTRY--TOPICAL TERM | |
| Topical Term | Herbicide resistance |
| 650 ## - SUBJECT ADDED ENTRY--TOPICAL TERM | |
| Topical Term | Herbicide tolerance |
| 700 ## - ADDED ENTRY--PERSONAL NAME | |
| Personal name | Kirkwood, Ralph C |
| 942 ## - ADDED ENTRY ELEMENTS (KOHA) | |
| Koha item type | Books |
| Withdrawn status | Lost status | Damaged status | Not for loan | Home library | Current library | Date acquired | Cost, normal purchase price | Full call number | Accession Number | Koha item type |
|---|---|---|---|---|---|---|---|---|---|---|
| RRII Library | RRII Library | 16/12/2021 | 199.00 | 632.954 COB | 23045 | Books |